All American Presidents - Statistics

General Stats
  • This quiz has been taken 1,987 times
  • The average score is 31 of 45
Answer Stats
President % Correct
Donald Trump
98%
George Washington
98%
Barack Obama
97%
George H. W. Bush
95%
George W. Bush
95%
Abraham Lincoln
92%
Bill Clinton
92%
Franklin D. Roosevelt
89%
John F. Kennedy
89%
Theodore Roosevelt
89%
Ronald Reagan
87%
Richard Nixon
85%
John Adams
82%
John Quincy Adams
82%
Lyndon B. Johnson
82%
Thomas Jefferson
81%
Andrew Johnson
79%
Dwight D. Eisenhower
78%
Jimmy Carter
77%
Gerald Ford
75%
Harry S. Truman
73%
Andrew Jackson
69%
Woodrow Wilson
69%
Herbert Hoover
68%
James Madison
65%
Ulysses S. Grant
64%
James Monroe
60%
William Howard Taft
59%
Calvin Coolidge
58%
Benjamin Harrison
56%
Grover Cleveland
56%
Grover Cleveland
56%
William Henry Harrison
56%
James A. Garfield
54%
Martin Van Buren
54%
James K. Polk
52%
William McKinley
52%
Zachary Taylor
52%
John Tyler
51%
James Buchanan
50%
Franklin Pierce
47%
Warren G. Harding
47%
Millard Fillmore
44%
Chester A. Arthur
43%
Rutherford B. Hayes
43%
No matching quizzes found
Score Distribution
Percent of People with Each Score
Percentile by Number Answered
Your Score History
You have not taken this quiz